00572nam a22001697a 450000500170000001000130001702000140003003500110004403700160005508200110007110000370008224500920011924600640021126000410027527000630031630000230037920190919154512.0 aUR-10482 c375.00a- aU-9037 bDBAD/PUBa- a840.08 aقر يشی شر يف ا حمد  a تلميحا ت نظير ا کبر آ با د ی cقر يشی شر يف ا حمد  bTalmihaat Nazir Akbar Abadi Urdu)aby Shareef Ahmed Qureshi aU.P.bShareef Ahmed Qureshic2006 ء aFlate No.8 Prof.Colony ,Khusro Bagh,bRampure244901k-l- a368 ص c22 Cm(Hb)